Top 25 Manitoba Municipalities By Population (2021) - Statistics

General Stats
  • This quiz has been taken 26 times
    19 since last reset
  • The average score is 16 of 25
Answer Stats
Status Population Answer % Correct
City 51,313 Brandon
100%
City 749,607 Winnipeg
100%
City 4,940 Flin Flon
89%
City 13,270 Portage la Prairie
89%
City 13,745 Winkler
89%
City 8,368 Dauphin
83%
City 9,929 Morden
83%
City 10,504 Selkirk
83%
City 17,806 Steinbach
83%
City 13,035 Thompson
78%
Town 5,639 The Pas
72%
Town 5,685 Neepawa
61%
Town 4,049 Swan River
61%
Town 3,118 Virden
61%
Town 4,267 Altona
56%
Town 2,741 Minnedosa
56%
Town 5,947 Niverville
50%
Town 3,307 Beausejour
44%
Town 2,891 Ste. Anne
44%
Town 5,046 Stonewall
44%
Town 1,818 Carberry
39%
Town 3,114 Carman
39%
Town 1,975 Morris
39%
Village 1,305 St-Pierre-Jolys
28%
Town 1,439 Winnipeg Beach
28%
No matching quizzes found
Score Distribution
Percent of People with Each Score
Percentile by Number Answered
Your Score History
You have not taken this quiz since the last reset